[Event "Grand Swiss "]
[Date "2025.09.09"]
[White "Bacrot, Etienne"]
[Black "Robson, Ray"]
[WhiteElo "2637"]
[BlackElo "2674"]
[Round "6.6.27"]
[Result "1/2-1/2"]

1. d4 {[%clk 01:40:57] [%emt 00:00:02]} d5 {[%clk 01:40:42] [%emt 00:00:18]} 2.
c4 {[%clk 01:41:20] [%emt 00:00:07]} e6 {[%clk 01:40:53] [%emt 00:00:18]} 3. Nc3
{[%clk 01:41:44] [%emt 00:00:07]} Nf6 {[%clk 01:40:58] [%emt 00:00:25]} 4. cxd5
{[%clk 01:42:05] [%emt 00:00:10]} exd5 {[%clk 01:40:54] [%emt 00:00:34]} 5. Bg5
{[%clk 01:42:29] [%emt 00:00:05]} Be7 {[%clk 01:40:22] [%emt 00:00:53]} 6. e3
{[%clk 01:42:26] [%emt 00:00:42]} h6 {[%clk 01:40:18] [%emt 00:00:33]} 7. Bh4
{[%clk 01:42:19] [%emt 00:00:37]} O-O {[%clk 01:39:58] [%emt 00:00:50]} 8. Bd3
{[%clk 01:42:25] [%emt 00:00:24]} c6 {[%clk 01:39:09] [%emt 00:01:19]} 9. Nge2
{[%clk 01:42:14] [%emt 00:00:40]} Ne4 {[%clk 01:38:18] [%emt 00:01:21]} 10. Bxe7
{[%clk 01:38:23] [%emt 00:04:22]} Qxe7 {[%clk 01:38:38] [%emt 00:00:09]} 11.
Bxe4 {[%clk 01:38:50] [%emt 00:00:04]} dxe4 {[%clk 01:38:57] [%emt 00:00:11]}
12. O-O {[%clk 01:39:12] [%emt 00:00:08]} Nd7 {[%clk 01:31:09] [%emt 00:08:18]}
13. h3 {[%clk 01:37:09] [%emt 00:02:33]} f5 {[%clk 01:27:39] [%emt 00:03:59]}
14. Qb3+ {[%clk 01:31:21] [%emt 00:06:19]} Kh7 {[%clk 01:25:51] [%emt 00:02:18]}
15. Rfd1 {[%clk 01:30:24] [%emt 00:01:27]} h5 {[%clk 01:17:07] [%emt 00:09:13]}
16. Nf4 {[%clk 01:05:25] [%emt 00:25:29]} h4 {[%clk 01:16:01] [%emt 00:01:36]}
17. Qe6 {[%clk 01:05:48] [%emt 00:00:07]} Qxe6 {[%clk 00:54:47] [%emt 00:21:44]}
18. Nxe6 {[%clk 01:05:20] [%emt 00:00:59]} Rf6 {[%clk 00:55:10] [%emt 00:00:07]}
19. Nc5 {[%clk 00:48:04] [%emt 00:17:45]} Rd6 {[%clk 00:50:08] [%emt 00:05:32]}
20. a4 {[%clk 00:45:21] [%emt 00:03:13]} a5 {[%clk 00:42:21] [%emt 00:08:17]}
21. Nxd7 {[%clk 00:37:34] [%emt 00:08:17]} Bxd7 {[%clk 00:42:42] [%emt
00:00:08]} 22. Rdb1 {[%clk 00:38:02] [%emt 00:00:03]} b6 {[%clk 00:28:17] [%emt
00:14:54]} 23. b4 {[%clk 00:34:36] [%emt 00:03:57]} axb4 {[%clk 00:28:20] [%emt
00:00:27]} 24. Rxb4 {[%clk 00:35:00] [%emt 00:00:06]} c5 {[%clk 00:28:29] [%emt
00:00:21]} 25. dxc5 {[%clk 00:29:18] [%emt 00:06:12]} bxc5 {[%clk 00:28:52]
[%emt 00:00:07]} 26. Rb7 {[%clk 00:29:45] [%emt 00:00:03]} Ra5 {[%clk 00:26:29]
[%emt 00:02:53]} 27. Rc7 {[%clk 00:27:49] [%emt 00:02:26]} Rd3 {[%clk 00:20:05]
[%emt 00:06:54]} 28. Rc1 {[%clk 00:25:16] [%emt 00:03:03]} Kh6 {[%clk 00:16:19]
[%emt 00:04:16]} 29. Ne2 {[%clk 00:18:10] [%emt 00:07:36]} Rd2 {[%clk 00:13:41]
[%emt 00:03:08]} 30. Nc3 {[%clk 00:18:25] [%emt 00:00:15]} Rd3 {[%clk 00:12:02]
[%emt 00:02:10]} 31. Kf1 {[%clk 00:15:47] [%emt 00:03:07]} g6 {[%clk 00:10:54]
[%emt 00:01:37]} 32. Ke1 {[%clk 00:15:23] [%emt 00:00:54]} Bxa4 {[%clk 00:04:57]
[%emt 00:06:27]} 33. Nxa4 {[%clk 00:14:06] [%emt 00:01:48]} Rxa4 {[%clk
00:05:19] [%emt 00:00:08]} 34. R7xc5 {[%clk 00:14:23] [%emt 00:00:12]} Ra2
{[%clk 00:05:25] [%emt 00:00:24]} 35. R5c2 {[%clk 00:14:35] [%emt 00:00:18]}
Rda3 {[%clk 00:05:29] [%emt 00:00:26]} 36. Ke2 {[%clk 00:13:34] [%emt 00:01:31]}
g5 {[%clk 00:04:30] [%emt 00:01:30]} 37. f3 {[%clk 00:10:29] [%emt 00:03:35]} g4
{[%clk 00:01:43] [%emt 00:03:17]} 38. fxg4 {[%clk 00:09:46] [%emt 00:01:13]}
fxg4 {[%clk 00:02:07] [%emt 00:00:06]} 39. hxg4 {[%clk 00:10:13] [%emt
00:00:03]} Kg5 {[%clk 00:02:27] [%emt 00:00:10]} 40. Rxa2 {[%clk 00:10:35] [%emt
00:00:08]} Rxa2+ {[%clk 00:02:52] [%emt 00:00:05]} 41. Kf1 {[%clk 00:11:02]
[%emt 00:00:03]} Kxg4 {[%clk 00:03:02] [%emt 00:00:19]} 42. Rc8 {[%clk 00:11:25]
[%emt 00:00:07]} 1/2-1/2

[Site "Europe Echecs"]

[Event "Grand Swiss "]
[Date "2025.09.09"]
[White "Murzin, Volodar"]
[Black "Ponomariov, Ruslan"]
[WhiteElo "2670"]
[BlackElo "2622"]
[Round "6.6.28"]
[Result "1/2-1/2"]

1. e4 {[%clk 01:40:53] [%emt 00:00:06]} e5 {[%clk 01:40:50] [%emt 00:00:10]} 2.
Nf3 {[%clk 01:41:19] [%emt 00:00:05]} Nf6 {[%clk 01:41:10] [%emt 00:00:09]} 3.
Nxe5 {[%clk 01:39:37] [%emt 00:02:12]} d6 {[%clk 01:41:11] [%emt 00:00:28]} 4.
Nf3 {[%clk 01:40:01] [%emt 00:00:06]} Nxe4 {[%clk 01:41:32] [%emt 00:00:09]} 5.
d4 {[%clk 01:40:21] [%emt 00:00:10]} d5 {[%clk 01:41:08] [%emt 00:00:53]} 6. Bd3
{[%clk 01:40:46] [%emt 00:00:05]} Be7 {[%clk 01:40:40] [%emt 00:00:57]} 7. O-O
{[%clk 01:40:58] [%emt 00:00:19]} Nc6 {[%clk 01:39:54] [%emt 00:01:16]} 8. Nbd2
{[%clk 01:38:43] [%emt 00:02:45]} Nxd2 {[%clk 01:36:16] [%emt 00:04:07]} 9. Bxd2
{[%clk 01:39:06] [%emt 00:00:08]} Bg4 {[%clk 01:36:28] [%emt 00:00:17]} 10. c3
{[%clk 01:39:32] [%emt 00:00:06]} O-O {[%clk 01:35:18] [%emt 00:01:39]} 11. h3
{[%clk 01:39:56] [%emt 00:00:06]} Bh5 {[%clk 01:35:36] [%emt 00:00:12]} 12. g3
{[%clk 01:40:16] [%emt 00:00:11]} Qd7 {[%clk 01:33:37] [%emt 00:02:28]} 13. Kg2
{[%clk 01:40:22] [%emt 00:00:24]} Bg6 {[%clk 01:33:51] [%emt 00:00:15]} 14. Bxg6
{[%clk 01:40:03] [%emt 00:00:50]} fxg6 {[%clk 01:34:15] [%emt 00:00:06]} 15. Qc2
{[%clk 01:15:56] [%emt 00:24:38]} Bd6 {[%clk 01:18:24] [%emt 00:16:21]} 16. Qd3
{[%clk 01:07:41] [%emt 00:08:45]} Rae8 {[%clk 01:07:08] [%emt 00:11:46]} 17.
Rae1 {[%clk 01:07:17] [%emt 00:00:54]} a6 {[%clk 01:06:15] [%emt 00:01:23]} 18.
b3 {[%clk 00:53:30] [%emt 00:14:17]} Rxe1 {[%clk 00:59:01] [%emt 00:07:44]} 19.
Rxe1 {[%clk 00:51:54] [%emt 00:02:07]} Re8 {[%clk 00:58:19] [%emt 00:01:12]} 20.
Rh1 {[%clk 00:44:14] [%emt 00:08:09]} Qf5 {[%clk 00:51:51] [%emt 00:06:58]} 21.
Ne1 {[%clk 00:44:19] [%emt 00:00:26]} Kf7 {[%clk 00:47:37] [%emt 00:04:44]} 22.
Qf3 {[%clk 00:42:51] [%emt 00:01:58]} Qxf3+ {[%clk 00:45:42] [%emt 00:02:25]}
23. Kxf3 {[%clk 00:43:04] [%emt 00:00:17]} Nd8 {[%clk 00:45:53] [%emt 00:00:19]}
24. Nd3 {[%clk 00:30:11] [%emt 00:13:23]} Ne6 {[%clk 00:45:39] [%emt 00:00:44]}
25. h4 {[%clk 00:24:51] [%emt 00:05:50]} h6 {[%clk 00:38:05] [%emt 00:08:04]}
26. Be3 {[%clk 00:24:54] [%emt 00:00:27]} c6 {[%clk 00:35:38] [%emt 00:02:57]}
27. Rd1 {[%clk 00:21:40] [%emt 00:03:44]} Kf6 {[%clk 00:28:41] [%emt 00:07:27]}
28. Re1 {[%clk 00:21:22] [%emt 00:00:48]} Re7 {[%clk 00:27:36] [%emt 00:01:35]}
29. a4 {[%clk 00:11:05] [%emt 00:10:47]} Kf5 {[%clk 00:20:13] [%emt 00:07:52]}
30. g4+ {[%clk 00:05:04] [%emt 00:06:31]} Kf6 {[%clk 00:20:19] [%emt 00:00:24]}
31. a5 {[%clk 00:05:28] [%emt 00:00:06]} Kf7 {[%clk 00:18:04] [%emt 00:02:44]}
32. b4 {[%clk 00:04:46] [%emt 00:01:13]} Re8 {[%clk 00:11:33] [%emt 00:07:01]}
33. Bd2 {[%clk 00:04:20] [%emt 00:00:57]} Re7 {[%clk 00:11:12] [%emt 00:00:50]}
34. Kg2 {[%clk 00:03:39] [%emt 00:01:11]} h5 {[%clk 00:09:40] [%emt 00:02:01]}
35. f3 {[%clk 00:03:46] [%emt 00:00:24]} Re8 {[%clk 00:09:37] [%emt 00:00:33]}
36. Kf2 {[%clk 00:02:20] [%emt 00:01:57]} Rh8 {[%clk 00:08:39] [%emt 00:01:28]}
37. Rh1 {[%clk 00:02:45] [%emt 00:00:05]} Ke8 {[%clk 00:07:42] [%emt 00:01:27]}
38. Kg2 {[%clk 00:02:35] [%emt 00:00:40]} Kf7 {[%clk 00:07:20] [%emt 00:00:52]}
39. Kf2 {[%clk 00:02:54] [%emt 00:00:11]} Ke8 {[%clk 00:07:36] [%emt 00:00:14]}
40. Kg2 {[%clk 00:02:56] [%emt 00:00:27]} Kf7 {[%clk 00:08:00] [%emt 00:00:05]}
41. Kf2 {[%clk 00:31:23] [%emt 00:22:04]} 1/2-1/2

[Site "Europe Echecs"]

[Event "Grand Swiss "]
[Date "2025.09.09"]
[White "Shankland, Sam"]
[Black "Lagarde, Maxime"]
[WhiteElo "2670"]
[BlackElo "2609"]
[Round "6.6.29"]
[Result "1/2-1/2"]

1. e4 {[%clk 01:40:49] [%emt 00:00:10]} c5 {[%clk 01:40:57] [%emt 00:00:04]} 2.
Nf3 {[%clk 01:41:14] [%emt 00:00:05]} e6 {[%clk 01:41:24] [%emt 00:00:03]} 3. d4
{[%clk 01:41:34] [%emt 00:00:11]} cxd4 {[%clk 01:41:51] [%emt 00:00:04]} 4. Nxd4
{[%clk 01:42:00] [%emt 00:00:03]} Nf6 {[%clk 01:42:18] [%emt 00:00:03]} 5. Nc3
{[%clk 01:42:21] [%emt 00:00:09]} Nc6 {[%clk 01:42:44] [%emt 00:00:04]} 6. Nxc6
{[%clk 01:42:18] [%emt 00:00:32]} bxc6 {[%clk 01:43:10] [%emt 00:00:04]} 7. e5
{[%clk 01:42:44] [%emt 00:00:04]} Nd5 {[%clk 01:43:37] [%emt 00:00:03]} 8. Ne4
{[%clk 01:43:06] [%emt 00:00:08]} Qc7 {[%clk 01:44:04] [%emt 00:00:04]} 9. f4
{[%clk 01:43:29] [%emt 00:00:06]} Qb6 {[%clk 01:44:31] [%emt 00:00:03]} 10. c4
{[%clk 01:43:18] [%emt 00:00:41]} Bb4+ {[%clk 01:44:49] [%emt 00:00:12]} 11. Ke2
{[%clk 01:43:43] [%emt 00:00:04]} f5 {[%clk 01:45:10] [%emt 00:00:10]} 12. Nf2
{[%clk 01:42:04] [%emt 00:02:10]} Qa6 {[%clk 01:45:22] [%emt 00:00:17]} 13. Qc2
{[%clk 01:35:33] [%emt 00:07:00]} Be7 {[%clk 01:38:29] [%emt 00:07:23]} 14. Nd3
{[%clk 01:31:05] [%emt 00:04:59]} Nb4 {[%clk 01:34:22] [%emt 00:04:36]} 15. Nxb4
{[%clk 01:30:59] [%emt 00:00:37]} Bxb4 {[%clk 01:34:48] [%emt 00:00:04]} 16. Be3
{[%clk 01:30:15] [%emt 00:01:13]} Be7 {[%clk 01:31:09] [%emt 00:04:10]} 17. Kf2
{[%clk 01:28:15] [%emt 00:02:29]} c5 {[%clk 01:30:19] [%emt 00:01:20]} 18. Be2
{[%clk 01:23:05] [%emt 00:05:41]} Bb7 {[%clk 01:30:32] [%emt 00:00:17]} 19. Rhd1
{[%clk 01:21:53] [%emt 00:01:42]} Be4 {[%clk 01:21:18] [%emt 00:09:45]} 20. Qb3
{[%clk 01:18:07] [%emt 00:04:15]} Qc6 {[%clk 01:21:07] [%emt 00:00:41]} 21. g3
{[%clk 01:14:07] [%emt 00:04:30]} a6 {[%clk 01:20:04] [%emt 00:01:34]} 22. Rd2
{[%clk 01:12:41] [%emt 00:01:56]} O-O {[%clk 01:07:45] [%emt 00:12:48]} 23. Qd1
{[%clk 01:10:05] [%emt 00:03:06]} Rfd8 {[%clk 00:49:58] [%emt 00:18:17]} 24. Bf3
{[%clk 01:10:04] [%emt 00:00:30]} Bxf3 {[%clk 00:45:35] [%emt 00:04:54]} 25.
Qxf3 {[%clk 01:10:30] [%emt 00:00:04]} Qxf3+ {[%clk 00:45:53] [%emt 00:00:12]}
26. Kxf3 {[%clk 01:10:56] [%emt 00:00:04]} Rab8 {[%clk 00:45:55] [%emt
00:00:28]} 27. Rad1 {[%clk 01:09:44] [%emt 00:01:42]} Kf8 {[%clk 00:44:13] [%emt
00:02:12]} 28. Ke2 {[%clk 01:05:49] [%emt 00:04:25]} Ke8 {[%clk 00:43:42] [%emt
00:01:02]} 29. Kd3 {[%clk 01:05:05] [%emt 00:01:14]} d6 {[%clk 00:41:54] [%emt
00:02:18]} 30. exd6 {[%clk 01:04:21] [%emt 00:01:15]} Rxd6+ {[%clk 00:42:19]
[%emt 00:00:05]} 31. Kc2 {[%clk 01:04:46] [%emt 00:00:04]} Rxd2+ {[%clk
00:41:02] [%emt 00:01:48]} 32. Rxd2 {[%clk 01:05:03] [%emt 00:00:14]} a5 {[%clk
00:35:35] [%emt 00:05:56]} 33. a3 {[%clk 00:52:18] [%emt 00:13:15]} a4 {[%clk
00:32:38] [%emt 00:03:27]} 34. Rd3 {[%clk 00:50:47] [%emt 00:02:01]} Rd8 {[%clk
00:32:07] [%emt 00:01:01]} 35. Rxd8+ {[%clk 00:50:02] [%emt 00:01:15]} Kxd8
{[%clk 00:32:33] [%emt 00:00:05]} 36. b3 {[%clk 00:50:22] [%emt 00:00:10]} axb3+
{[%clk 00:32:11] [%emt 00:00:52]} 37. Kxb3 {[%clk 00:50:48] [%emt 00:00:03]} Kc7
{[%clk 00:32:38] [%emt 00:00:04]} 38. Bd2 {[%clk 00:50:16] [%emt 00:01:01]} Kb6
{[%clk 00:32:06] [%emt 00:01:02]} 39. a4 {[%clk 00:49:02] [%emt 00:01:45]} Bf6
{[%clk 00:30:34] [%emt 00:02:02]} 40. a5+ {[%clk 00:47:36] [%emt 00:01:55]} Ka6
{[%clk 00:30:54] [%emt 00:00:10]} 41. Be3 {[%clk 00:48:00] [%emt 00:00:06]} Be7
{[%clk 00:29:30] [%emt 00:01:54]} 1/2-1/2

[Site "Europe Echecs"]

[Event "Grand Swiss "]
[Date "2025.09.09"]
[White "Oparin, Grigoriy"]
[Black "Matlakov, Maxim"]
[WhiteElo "2660"]
[BlackElo "2609"]
[Round "6.6.30"]
[Result "1/2-1/2"]

1. e4 {[%clk 01:40:58] [%emt 00:00:02]} c5 {[%clk 01:40:50] [%emt 00:00:10]} 2.
Nf3 {[%clk 01:41:23] [%emt 00:00:05]} d6 {[%clk 01:41:02] [%emt 00:00:17]} 3. d4
{[%clk 01:41:47] [%emt 00:00:07]} cxd4 {[%clk 01:41:14] [%emt 00:00:18]} 4. Nxd4
{[%clk 01:42:13] [%emt 00:00:04]} Nf6 {[%clk 01:41:29] [%emt 00:00:16]} 5. Nc3
{[%clk 01:42:38] [%emt 00:00:04]} a6 {[%clk 01:41:54] [%emt 00:00:06]} 6. Bg5
{[%clk 01:42:53] [%emt 00:00:15]} e6 {[%clk 01:42:08] [%emt 00:00:16]} 7. Qe2
{[%clk 01:43:00] [%emt 00:00:23]} h6 {[%clk 01:36:38] [%emt 00:06:00]} 8. Bh4
{[%clk 01:37:13] [%emt 00:06:17]} Be7 {[%clk 01:29:41] [%emt 00:07:27]} 9. O-O-O
{[%clk 01:31:49] [%emt 00:05:54]} Nxe4 {[%clk 01:24:44] [%emt 00:05:27]} 10.
Nxe4 {[%clk 01:31:58] [%emt 00:00:20]} Bxh4 {[%clk 01:22:01] [%emt 00:03:13]}
11. Nxe6 {[%clk 01:31:47] [%emt 00:00:41]} Bxe6 {[%clk 01:14:02] [%emt
00:08:29]} 12. Nxd6+ {[%clk 01:32:12] [%emt 00:00:05]} Kf8 {[%clk 01:14:22]
[%emt 00:00:10]} 13. Nxf7 {[%clk 01:32:10] [%emt 00:00:32]} Bxf7 {[%clk
00:39:55] [%emt 00:34:57]} 14. Rxd8+ {[%clk 01:32:27] [%emt 00:00:13]} Bxd8
{[%clk 00:40:22] [%emt 00:00:04]} 15. Qf3 {[%clk 01:27:25] [%emt 00:05:32]} Nc6
{[%clk 00:37:27] [%emt 00:03:26]} 16. Bc4 {[%clk 01:27:40] [%emt 00:00:15]} Bg5+
{[%clk 00:37:05] [%emt 00:00:51]} 17. Kb1 {[%clk 01:28:01] [%emt 00:00:10]} Bf6
{[%clk 00:37:24] [%emt 00:00:11]} 18. Bxf7 {[%clk 01:27:25] [%emt 00:01:06]}
Kxf7 {[%clk 00:37:42] [%emt 00:00:12]} 19. Qb3+ {[%clk 00:59:30] [%emt
00:28:24]} Kg6 {[%clk 00:37:02] [%emt 00:01:10]} 20. Qd3+ {[%clk 00:59:56] [%emt
00:00:04]} Kf7 {[%clk 00:37:21] [%emt 00:00:11]} 21. Qb3+ {[%clk 01:00:05] [%emt
00:00:22]} Kg6 {[%clk 00:37:46] [%emt 00:00:05]} 22. Qd3+ {[%clk 01:00:31] [%emt
00:00:03]} Kf7 {[%clk 00:38:07] [%emt 00:00:09]} 23. Qb3+ {[%clk 01:00:58] [%emt
00:00:03]} Kg6 {[%emt 00:00:43]} 1/2-1/2

[Site "Europe Echecs"]

[Event "Grand Swiss "]
[Date "2025.09.09"]
[White "Suleymanli, Aydin"]
[Black "Sadhwani, Raunak"]
[WhiteElo "2602"]
[BlackElo "2658"]
[Round "6.6.31"]
[Result "1/2-1/2"]

1. e4 {[%clk 01:40:58] [%emt 00:00:01]} e5 {[%clk 01:40:55] [%emt 00:00:05]} 2.
Nf3 {[%clk 01:41:24] [%emt 00:00:03]} Nc6 {[%clk 01:41:21] [%emt 00:00:05]} 3.
Bc4 {[%clk 01:41:50] [%emt 00:00:04]} Bc5 {[%clk 01:41:45] [%emt 00:00:06]} 4.
d3 {[%clk 01:42:12] [%emt 00:00:08]} Nf6 {[%clk 01:42:03] [%emt 00:00:12]} 5.
Nc3 {[%clk 01:42:37] [%emt 00:00:06]} a6 {[%clk 01:41:43] [%emt 00:00:50]} 6. a4
{[%clk 01:42:25] [%emt 00:00:41]} d6 {[%clk 01:41:46] [%emt 00:00:26]} 7. Be3
{[%clk 01:42:14] [%emt 00:00:41]} Be6 {[%clk 01:40:45] [%emt 00:01:32]} 8. Bxe6
{[%clk 01:40:35] [%emt 00:02:09]} fxe6 {[%clk 01:41:10] [%emt 00:00:05]} 9. Bxc5
{[%clk 01:40:31] [%emt 00:00:34]} dxc5 {[%clk 01:41:33] [%emt 00:00:07]} 10. O-O
{[%clk 01:37:20] [%emt 00:03:40]} Qe7 {[%clk 01:41:30] [%emt 00:00:34]} 11. Nb1
{[%clk 01:35:31] [%emt 00:02:20]} O-O-O {[%clk 01:37:06] [%emt 00:04:53]} 12.
Na3 {[%clk 01:27:27] [%emt 00:08:34]} Nd7 {[%clk 01:32:01] [%emt 00:05:35]} 13.
c3 {[%clk 01:26:22] [%emt 00:01:35]} g5 {[%clk 01:30:58] [%emt 00:01:33]} 14.
Nc4 {[%clk 01:23:35] [%emt 00:03:17]} g4 {[%clk 01:29:05] [%emt 00:02:23]} 15.
Ne1 {[%clk 01:23:06] [%emt 00:00:58]} h5 {[%clk 01:27:08] [%emt 00:02:28]} 16.
Nc2 {[%clk 01:07:04] [%emt 00:16:33]} Nf6 {[%clk 00:57:26] [%emt 00:30:11]} 17.
b4 {[%clk 01:02:40] [%emt 00:04:54]} Nxe4 {[%clk 00:41:45] [%emt 00:16:11]} 18.
Qe1 {[%clk 01:01:19] [%emt 00:01:51]} Nd6 {[%clk 00:42:06] [%emt 00:00:09]} 19.
b5 {[%clk 00:45:11] [%emt 00:16:38]} axb5 {[%clk 00:41:07] [%emt 00:01:29]} 20.
axb5 {[%clk 00:43:00] [%emt 00:02:41]} Nxb5 {[%clk 00:41:30] [%emt 00:00:06]}
21. Qb1 {[%clk 00:34:11] [%emt 00:09:19]} Nxc3 {[%clk 00:32:47] [%emt 00:09:14]}
22. Qb2 {[%clk 00:22:25] [%emt 00:12:16]} b5 {[%clk 00:24:55] [%emt 00:08:22]}
23. Qxc3 {[%clk 00:16:05] [%emt 00:06:51]} bxc4 {[%clk 00:23:53] [%emt
00:01:32]} 24. Qxc4 {[%clk 00:16:31] [%emt 00:00:04]} Kd7 {[%clk 00:23:50] [%emt
00:00:32]} 25. Qe4 {[%clk 00:15:03] [%emt 00:01:58]} Ra8 {[%clk 00:22:37] [%emt
00:01:43]} 26. Ne3 {[%clk 00:10:24] [%emt 00:05:09]} Qg5 {[%clk 00:14:37] [%emt
00:08:30]} 27. Rxa8 {[%clk 00:09:44] [%emt 00:01:11]} Rxa8 {[%clk 00:15:03]
[%emt 00:00:03]} 28. Qh7+ {[%clk 00:09:35] [%emt 00:00:39]} Ne7 {[%clk 00:10:27]
[%emt 00:05:06]} 29. Qe4 {[%clk 00:09:01] [%emt 00:01:03]} Nc6 {[%clk 00:05:41]
[%emt 00:05:17]} 30. Qh7+ {[%clk 00:08:22] [%emt 00:01:10]} Ne7 {[%clk 00:06:04]
[%emt 00:00:06]} 31. Qe4 {[%clk 00:08:44] [%emt 00:00:08]} Nc6 {[%clk 00:06:31]
[%emt 00:00:03]} 1/2-1/2

[Site "Europe Echecs"]